000 00629nam a2200217 i 4500
001 16689
003 ES-MaACL
005 20240120062952.0
007 t|
008 001025s1999 sp ||||1| spa d
020 _a84-7962-141-9
080 _a821.134.2-14"19"
100 1 _aRuiz de Torres, Juan,
_d1931-2014
_9155342
245 1 0 _aHerencia /
_cJuan Ruiz de Torres.
260 _aMadrid :
_bVerbum,
_cD.L. 1999.
300 _a116 p. ;
_c20 cm.
490 1 _aVerbum poesía
830 0 _aVerbum poesía
_9179410
852 _aES-MaACL
_jL-23808
_bR.129040
_q. - Ded. autógr. del autor
999 _c16689
_d16689